| 000 | 00619nam a2200193 i 4500 | ||
|---|---|---|---|
| 001 | bg | ||
| 245 | 0 | 0 |
_aZbiór jednostkowych wskaźników cenowych z zakresu budownictwa ogólnego mieszkaniowego oraz przemysłowego na roboty inwestycyjne / _cBistyp Consulting. |
| 260 |
_aWarszawa : _bBistyp Consulting, _c2004. |
||
| 300 |
_a613 s. ; _c21 cm + _eCD ROM. |
||
| 650 | 9 |
_aBudownictwo _xceny |
|
| 650 | 9 |
_aBudownictwo _xkoszty |
|
| 650 | 9 |
_aBudownictwo _xinwestycje |
|
| 650 | 9 |
_aKoszty _xbudownictwo |
|
| 040 | _cBPK | ||
| 041 | 0 | _apol | |
| 080 | _a69.003 | ||
| 942 | _cKA | ||
| 008 | s pl f |000 0 pol | ||
| 999 |
_c35078 _d35078 |
||
| 856 |
_uhttp://koha.tu.koszalin.pl/cgi-bin/koha/opac-detail.pl?biblionumber=35078 _yKatalog online BPK |
||